Statistics for Africa Cup of Nations

Click here to take the quiz!

General Stats

  • This quiz has been taken 176 times
  • The average score is 30 of 38

Answer Stats

Total AppsBest PlaceTeam% Correct
22ChampionsEgypt/United Arab Republic
98%
2Group StageNiger
96%
19ChampionsGhana
94%
20ChampionsIvory Coast
94%
17ChampionsNigeria
94%
16ChampionsCameroon
93%
8ChampionsSouth Africa
93%
15ChampionsAlgeria
92%
12Runners-upSenegal
92%
16ChampionsDR Congo/Zaire
88%
15ChampionsMorocco
88%
16ChampionsTunisia
88%
17ChampionsZambia
87%
6ChampionsCongo
84%
8Runners-upMali
84%
2Group StageZimbabwe
84%
7Quarter FinalsAngola
83%
10Runners-upGuinea
83%
8ChampionsSudan
83%
5Quarter FinalsGabon
80%
10ChampionsEthiopia
78%
7Quarter FinalsTogo
78%
5Group StageKenya
77%
3Runners-upLibya
76%
5Runners-upUganda
76%
9Runners-upBurkina Faso/Upper Volta
74%
3Group StageBenin
73%
1Group StageTanzania
73%
1Group StageBotswana
70%
2Group StageLiberia
68%
1Group StageRwanda
68%
4Group StageMozambique
66%
2Group StageNamibia
66%
1Quarter FinalsEquatorial Guinea
61%
2Group StageMalawi
61%
1Quarter FinalsCape Verde
56%
2Group StageSierra Leone
55%
1Group StageMauritius
40%

Score Distribution

Percentile by Number Answered

Percent of People with Each Score

Your Score History

You have not taken this quiz